000 00351nam a22001337a 4500
082 _a808.51
_bWOR
_cDonationa
100 _aThe World Bank
_919583
245 _aA guide to effective public communications.
260 _bThe World Bank
_c1994
300 _a33 p.
526 _a0
_b0
_c0
_d808_510000000000000_WOR
650 _aMCE
_9379
942 _2ddc
_cBK
999 _c549340
_d549340